Food and beverage Management and cost control / (Record no. 11245)
[ view plain ]
| 000 -LEADER | |
|---|---|
| fixed length control field | 00488cam a2200181ua 4500 |
| 020 ## - INTERNATIONAL STANDARD BOOK NUMBER | |
| ISBN | 81-7391-254-8 |
| 041 ## - LANGUAGE CODE | |
| Language code of text/sound track or separate title | eng |
| 082 ## - DEWEY DECIMAL CLASSIFICATION NUMBER | |
| Classification number | 664.0068 |
| Item number | JAG/FO |
| 100 ## - MAIN ENTRY--AUTHOR NAME | |
| Personal name | Jagmohan, Negi . |
| 245 ## - TITLE STATEMENT | |
| Title | Food and beverage Management and cost control / |
| 260 ## - PUBLICATION, DISTRIBUTION, ETC. (IMPRINT) | |
| Place of publication | Newdelhi : |
| Name of publisher | Kanishka publishers,Distributors , |
| Year of publication | 1999. |
| 300 ## - PHYSICAL DESCRIPTION | |
| Number of Pages | 397 ; . |
| 500 ## - GENERAL NOTE | |
| General note | **Reference |
| 942 ## - ADDED ENTRY ELEMENTS (KOHA) | |
| Koha item type | Books |
| Withdrawn status | Lost status | Damaged status | Collection code | Home library | Current library | Shelving location | Date acquired | Full call number | Accession Number | Koha item type |
|---|---|---|---|---|---|---|---|---|---|---|
| KAUAET | KAUAET | General Stacks | 07/04/2012 | 664.0068 | 20797 | Books | ||||
| KAUAET | KAUAET | 07/04/2012 | 664.0068 | 21335 | Books |
